<?xml version="1.0" encoding="UTF-8"?>
<record
    xmlns:xsi="http://www.w3.org/2001/XMLSchema-instance"
    xsi:schemaLocation="http://www.loc.gov/MARC21/slim http://www.loc.gov/standards/marcxml/schema/MARC21slim.xsd"
    xmlns="http://www.loc.gov/MARC21/slim">

  <leader>00913nam a2200241 a 4500</leader>
  <controlfield tag="001">83979</controlfield>
  <controlfield tag="003">BD-RjUL</controlfield>
  <controlfield tag="005">20240908125915.0</controlfield>
  <controlfield tag="008">240908s2024    bg ||||| |||| 00| 0 ben d</controlfield>
  <datafield tag="020" ind1=" " ind2=" ">
    <subfield code="a">9789849823766</subfield>
  </datafield>
  <datafield tag="035" ind1=" " ind2=" ">
    <subfield code="a">(BD-RjUL)83979</subfield>
  </datafield>
  <datafield tag="040" ind1=" " ind2=" ">
    <subfield code="a">BD-RjUL</subfield>
    <subfield code="b">eng</subfield>
    <subfield code="c">BD-RjUL</subfield>
  </datafield>
  <datafield tag="041" ind1=" " ind2=" ">
    <subfield code="a">ben</subfield>
  </datafield>
  <datafield tag="082" ind1=" " ind2=" ">
    <subfield code="2">23</subfield>
    <subfield code="a">781.629144</subfield>
    <subfield code="b">ZAL 2024</subfield>
  </datafield>
  <datafield tag="100" ind1=" " ind2=" ">
    <subfield code="a">&#x99C;&#x9BE;&#x9B9;&#x9BF;&#x9A6;, &#x9B0;&#x993;&#x9B6;&#x9A8; </subfield>
    <subfield code="9">7581</subfield>
  </datafield>
  <datafield tag="245" ind1=" " ind2=" ">
    <subfield code="a">&#x9B2;&#x9CB;&#x995;&#x9B8;&#x982;&#x997;&#x9C0;&#x9A4;&#x9C7; &#x9AC;&#x9BE;&#x999;&#x9BE;&#x9B2;&#x9BF; &#x99C;&#x9BE;&#x9A4;&#x9BF;&#x9B8;&#x9A4;&#x9CD;&#x9A4;&#x9BE; / </subfield>
    <subfield code="c">&#x9B0;&#x993;&#x9B6;&#x9A8; &#x99C;&#x9BE;&#x9B9;&#x9BF;&#x9A6;, &#x9AE;&#x9CB;&#x9B8;&#x9CD;&#x9A4;&#x9AB;&#x9BE; &#x9A4;&#x9BE;&#x9B0;&#x9BF;&#x995;&#x9C1;&#x9B2; &#x986;&#x9B9;&#x9B8;&#x9BE;&#x9A8;</subfield>
  </datafield>
  <datafield tag="260" ind1=" " ind2=" ">
    <subfield code="a">&#x9A2;&#x9BE;&#x995;&#x9BE; :</subfield>
    <subfield code="b">&#x9AA;&#x9C1;&#x9A5;&#x9BF;&#x9A8;&#x9BF;&#x9B2;&#x9AF;&#x9BC;,</subfield>
    <subfield code="c">&#x9E8;&#x9E6;&#x9E8;&#x9EA;</subfield>
  </datafield>
  <datafield tag="300" ind1=" " ind2=" ">
    <subfield code="a">&#x9E7;&#x9E7;&#x9E7; &#x9AA;&#x9C3;.;</subfield>
    <subfield code="c">&#x9E8;&#x9E8; &#x9B8;&#x9C7;&#x9AE;&#x9BF;.</subfield>
  </datafield>
  <datafield tag="650" ind1=" " ind2=" ">
    <subfield code="a">&#x9B2;&#x9CB;&#x995;&#x997;&#x9BE;&#x9A8;, &#x9AC;&#x9BE;&#x982;&#x9B2;&#x9BE;</subfield>
    <subfield code="9">1063</subfield>
  </datafield>
  <datafield tag="650" ind1=" " ind2=" ">
    <subfield code="a">Folk songs, Bengali</subfield>
    <subfield code="9">1064</subfield>
  </datafield>
  <datafield tag="700" ind1=" " ind2=" ">
    <subfield code="a">&#x986;&#x9B9;&#x9B8;&#x9BE;&#x9A8;, &#x9AE;&#x9CB;&#x9B8;&#x9CD;&#x9A4;&#x9AB;&#x9BE; &#x9A4;&#x9BE;&#x9B0;&#x9BF;&#x995;&#x9C1;&#x9B2; </subfield>
    <subfield code="9">3247</subfield>
  </datafield>
  <datafield tag="942" ind1=" " ind2=" ">
    <subfield code="2">ddc</subfield>
    <subfield code="c">BK</subfield>
  </datafield>
  <datafield tag="999" ind1=" " ind2=" ">
    <subfield code="c">83979</subfield>
    <subfield code="d">83979</subfield>
  </datafield>
  <datafield tag="952" ind1=" " ind2=" ">
    <subfield code="0">0</subfield>
    <subfield code="1">0</subfield>
    <subfield code="2">ddc</subfield>
    <subfield code="4">0</subfield>
    <subfield code="7">1</subfield>
    <subfield code="8">NFIC</subfield>
    <subfield code="a">RUCL</subfield>
    <subfield code="b">RUCL</subfield>
    <subfield code="c">Reading</subfield>
    <subfield code="d">2024-06-02</subfield>
    <subfield code="e">Author</subfield>
    <subfield code="g">330.00</subfield>
    <subfield code="l">0</subfield>
    <subfield code="o">B 781.629144 ZAL 2024</subfield>
    <subfield code="r">2024-09-08 00:00:00</subfield>
    <subfield code="t">C-1</subfield>
    <subfield code="w">2024-09-08</subfield>
    <subfield code="y">BK</subfield>
  </datafield>
  <datafield tag="952" ind1=" " ind2=" ">
    <subfield code="0">0</subfield>
    <subfield code="1">0</subfield>
    <subfield code="2">ddc</subfield>
    <subfield code="4">0</subfield>
    <subfield code="7">0</subfield>
    <subfield code="8">NFIC</subfield>
    <subfield code="a">RUCL</subfield>
    <subfield code="b">RUCL</subfield>
    <subfield code="c">GEN</subfield>
    <subfield code="d">2024-06-02</subfield>
    <subfield code="e">Author</subfield>
    <subfield code="g">330.00</subfield>
    <subfield code="o">B 781.629144 ZAL 2024</subfield>
    <subfield code="r">2024-09-08 00:00:00</subfield>
    <subfield code="t">C-2</subfield>
    <subfield code="y">BK</subfield>
  </datafield>
  <datafield tag="952" ind1=" " ind2=" ">
    <subfield code="0">0</subfield>
    <subfield code="1">0</subfield>
    <subfield code="2">ddc</subfield>
    <subfield code="4">0</subfield>
    <subfield code="7">0</subfield>
    <subfield code="8">NFIC</subfield>
    <subfield code="a">RUCL</subfield>
    <subfield code="b">RUCL</subfield>
    <subfield code="c">GEN</subfield>
    <subfield code="d">2024-06-02</subfield>
    <subfield code="e">Author</subfield>
    <subfield code="g">330.00</subfield>
    <subfield code="o">B 781.629144 ZAL 2024</subfield>
    <subfield code="r">2024-09-08 00:00:00</subfield>
    <subfield code="t">C-3</subfield>
    <subfield code="y">BK</subfield>
  </datafield>
  <datafield tag="952" ind1=" " ind2=" ">
    <subfield code="0">0</subfield>
    <subfield code="1">0</subfield>
    <subfield code="2">ddc</subfield>
    <subfield code="4">0</subfield>
    <subfield code="7">0</subfield>
    <subfield code="8">NFIC</subfield>
    <subfield code="a">RUCL</subfield>
    <subfield code="b">RUCL</subfield>
    <subfield code="c">GEN</subfield>
    <subfield code="d">2024-06-02</subfield>
    <subfield code="e">Author</subfield>
    <subfield code="g">330.00</subfield>
    <subfield code="o">B 781.629144 ZAL 2024</subfield>
    <subfield code="r">2024-09-08 00:00:00</subfield>
    <subfield code="t">C-4</subfield>
    <subfield code="y">BK</subfield>
  </datafield>
  <datafield tag="952" ind1=" " ind2=" ">
    <subfield code="0">0</subfield>
    <subfield code="1">0</subfield>
    <subfield code="2">ddc</subfield>
    <subfield code="4">0</subfield>
    <subfield code="7">0</subfield>
    <subfield code="8">NFIC</subfield>
    <subfield code="a">RUCL</subfield>
    <subfield code="b">RUCL</subfield>
    <subfield code="c">GEN</subfield>
    <subfield code="d">2024-06-02</subfield>
    <subfield code="e">Author</subfield>
    <subfield code="g">330.00</subfield>
    <subfield code="l">0</subfield>
    <subfield code="o">B 781.629144 ZAL 2024</subfield>
    <subfield code="r">2024-09-09 00:00:00</subfield>
    <subfield code="t">C-5</subfield>
    <subfield code="w">2024-09-09</subfield>
    <subfield code="y">BK</subfield>
  </datafield>
</record>
